| 000 | 00769nam a22002537a 4500 | ||
|---|---|---|---|
| 005 | 20170123162319.0 | ||
| 010 | _aA-644997 | ||
| 020 | _c80.00 | ||
| 035 | _aA-644997 | ||
| 037 | _bCen Lib/Ret | ||
| 040 |
_aDPL _bUR |
||
| 082 |
_aن _bص د ی |
||
| 100 |
_aصدیقی، صادق حسین _9475 |
||
| 245 |
_aسید وفلپانا / _c صادق حسین صدیقی |
||
| 246 |
_aSayid vafalpana / _bby Sadiq Husain Sidiqi |
||
| 260 |
_aلاہور _bمقتبہ قریش _c1992 |
||
| 270 |
_aچوک اردو بازار _bلاہور |
||
| 300 |
_a273p. _c21cm(Hb) |
||
| 650 |
_aاردو ادب _9116299 |
||
| 650 |
_aاردوناول _9592 |
||
| 650 |
_aUrdu literature _9116300 |
||
| 650 |
_aUrdu novel _9116301 |
||
| 942 |
_2ddc _cUR _hن _mص د ی |
||
| 999 |
_c106966 _d106966 |
||